00469nam a22001577a 450000500170000000800410001702000140005804100130007208200150008510000280010024500550012825000200018326000520020330000310025565000250028620240110074339.0240110b |||||||| |||| 00| 0 eng d a409033200 aEnglish  a347.6 HOF  aHoffmann, LH lEnglish  aThe South African Law of Evidence / cLH Hoffmann  aSecond Edition  aDurban : bButterworth and Company Ltd, c1970  blxvi, 461 pages ;c26 cm.  aLegal practice bLaw